Cálculo numérico : (Registro nro. 7552)
[ vista simple ]
| 000 -CABECERA | |
|---|---|
| Campo de control interno | 01926nam a2200265Ia 4500 |
| 008 - ELEMENTOS DE LONGITUD FIJA - INFORMACIÓN GENERAL | |
| Campo de control de longitud fija | 260220t1979||||xx |||||||||||||| ||spa|| |
| 040 ## - FUENTE DE CATALOGACIÓN | |
| Agencia de catalogación original | PY-SlUNAC |
| Idioma de catalogación | spa |
| Convenciones de descripción | rda |
| 041 ## - CÓDIGO DE IDIOMA | |
| Código de idioma para texto/pista de sonido o título separado | spa |
| 082 ## - NÚMERO DE CLASIFICACIÓN DECIMAL DEWEY | |
| Clasificación Decimal Dewey (CDD) | 515.1 |
| Clasificación Expansiva de Cutter (EC) | C214c |
| 100 ## - ASIENTO PRINCIPAL - NOMBRE PERSONAL | |
| Nombre personal | Carnahan, Brice |
| Rol del autor | Autor |
| 245 #0 - TÍTULO | |
| Título | Cálculo numérico : |
| Subtítulo | métodos y aplicaciones / |
| Mención de responsabilidad | por Brice Carnahan [Autor]; H. A. Luther [Autor] y James O. Wilkes [Autor] |
| 264 ## - PIE DE IMPRENTA | |
| Lugar | Madrid : |
| Editorial | Rueda, |
| Año | ℗1979. |
| 300 ## - DESCRIPCIÓN FÍSICA | |
| Páginas | 1 volumen |
| 520 ## - NOTA DE RESUMEN | |
| Nota de resumen | El libro "Cálculo numérico: métodos y aplicaciones" de Brice Carnahan ofrece una introducción exhaustiva a los métodos numéricos utilizados en la resolución de problemas matemáticos y científicos. A través de un enfoque práctico, el autor presenta una variedad de técnicas que abarcan desde la interpolación y la aproximación de funciones hasta la integración y la solución de ecuaciones diferenciales. Cada método se explica con claridad, incluyendo su fundamento teórico, procedimientos de implementación y análisis de errores, lo que permite a los lectores comprender tanto la aplicabilidad como las limitaciones de cada técnica. Además, el texto incluye ejemplos ilustrativos y ejercicios que facilitan la asimilación de conceptos complejos. Carnahan también discute aplicaciones en diferentes campos, como la ingeniería y la física, lo que demuestra la relevancia del cálculo numérico en la resolución de problemas reales. Este libro se convierte en una referencia esencial para estudiantes e investigadores que buscan profundizar en el uso de métodos numéricos. |
| 653 ## - MATERIA - TÉRMINO TEMÁTICO NO CONTROLADO (PALABRAS CLAVE) | |
| Materia - término temático no controlado (palabras clave) | Cálculo numérico |
| 653 ## - MATERIA - TÉRMINO TEMÁTICO NO CONTROLADO (PALABRAS CLAVE) | |
| Materia - término temático no controlado (palabras clave) | Matemáticas aplicadas |
| 653 ## - MATERIA - TÉRMINO TEMÁTICO NO CONTROLADO (PALABRAS CLAVE) | |
| Materia - término temático no controlado (palabras clave) | Métodos matemáticos |
| 700 ## - ENTRADA SECUNDARIA - AUTOR PERSONAL | |
| Nombre personal | Luther, H. A. |
| Rol del autor | Autor |
| 700 ## - ENTRADA SECUNDARIA - AUTOR PERSONAL | |
| Nombre personal | Wilkes, James O. |
| Rol del autor | Autor |
| 942 ## - ELEMENTOS PERSONALIZADOS (KOHA) | |
| Fecha catalogación | 2026/02/17 |
| Tipo de documento | Libros |
| Fuente de Clasificacion | Colección | Ubicacion permanente | Biblioteca actual | Fecha de Ingreso a la Biblioteca | Origen de adquisición | Código de ubicación | Código de barras | Tipo de Item KOHA | Nota pública |
|---|---|---|---|---|---|---|---|---|---|
| Dewey Decimal Classification | Colección General (CG) | Biblioteca e Internet, Facultad de Ciencias Exactas y Naturales | Biblioteca e Internet, Facultad de Ciencias Exactas y Naturales | 02/20/2026 | Donación | 515.1 C214c | CG912 | Libros | Material disponible en la Biblioteca e Intenet, Campus UNA, San Lorenzo. |


